Générique Shaman King - Paroles - Statistiques

Statistiques générales
  • Ce quiz a été pris 79 fois
  • Le résultat moyen est 15 sur 18
Statistiques - réponses
Paroles % Correct
Ouvre les {yeux}, regarde bien
100%
Tu peux bondir plus haut et plus {loin}
98%
Le monde que tu {vois}
93%
D'être Shaman King, {Shaman} {King}
90%
D'être Shaman King, {Shaman} {King}
90%
Oui, ce sera {toi} !
90%
Est-ce donc ta {destinée} ?
88%
N'est rien qu'une {image}
87%
Si la {force} est en toi
85%
Écoute plutôt tes {rêves}
83%
Les plus {sauvages}
82%
Pour être Shaman King, {Shaman} {King} !
82%
Tant de {mystères} jamais dévoilés
82%
D'une toute autre {lumière}
80%
Et tu te battras jusqu'en {Enfer}
78%
Par le feu et par le {fer}
78%
Tu éclaireras la {Terre}
77%
Tant de {chemins} qu'il faut explorer
75%
Aucun quiz correspondant
Distribution des résultats
% des personnes avec chaque résultat
Percentile par nombre de réponses
Votre historique - résultats
Vous n’avez pas pris ce quiz